| 000 | 00916nam a22001577a 4500 | ||
|---|---|---|---|
| 999 |
_c25312 _d25312 |
||
| 020 | _a9789382059387 | ||
| 082 |
_a720.954 _bJAI-A |
||
| 100 | _aJain, A.K. | ||
| 245 | _aArchitecture and Urbanism | ||
| 260 |
_aNew Delhi _bSynergy Books India, _c2016 |
||
| 300 | _axi, 381p. | ||
| 504 | _aInclude Bibliography | ||
| 520 | _aArchitecture is changing from functional to organizational and from architectonic to urbanistic. A Building is intertwined with its surroundings physical, environmental, social, economic and cultural. In the book Architecture and Urbanism, the author A.K Jain looks at architecture with a wide-angle lens and explores its inter-relationship with urbanism. The book aims to broaden the understanding of inquisitive architects, urban planners and designers who continue reinventing the subject. | ||
| 650 |
_aUrbanization _aArchitecture and Society _vCity Planning _zIndia |
||
| 942 |
_2ddc _cBK |
||